000 00697nam a2200229 a 4500
001 50266
003 BD-RjUL
005 20211209075501.0
008 160824s1974 nju||||| |||| 00| 0 eng d
020 _a0810806835
035 _a(BD-RjUL) 50386
040 _aBD-RjUL
_beng
_cBD-RjUL
_dBD-RjUL
041 _aeng
082 _223
_a427.09
_bBAA 1974
100 _aBarlough, Ernest J.
_9150654
245 _aThe archaicon
_b: a collection of unusual, archaic English /
_cJeffrey E Barlough
260 _aMetuchen, N.J. :
_bScarecrow Press,
_c1974.
300 _aviii,312p. ;
_c23cm.
504 _aIncludes Bibliography
650 _aEnglish language
_vObsolete words.
_9150655
942 _2ddc
_cBK
999 _c50266
_d50266